| 000 | 00838nam a22002057a 4500 | ||
|---|---|---|---|
| 005 | 20231220161741.0 | ||
| 010 | _aB-756025-028 ENG 18.10.23 | ||
| 020 |
_a9788173711466 _c495.00 |
||
| 035 | _aB-756025-028 | ||
| 037 | _bK.K. Publication | ||
| 082 | _a921 | ||
| 100 |
_a Kalam, A.P.J.Abdul _960086 |
||
| 245 |
_aWings of fire ; _cby A.P.J. Abdul Kalam [and] Arun Tiwari _ban autobiography / |
||
| 260 |
_aHyderabad _bUniversities Press _c2022 |
||
| 270 |
_a3-6-747/1/A&3-6-754/1,Himayatnagar, _bHyderabad _e500029 |
||
| 300 |
_axvi,180p. _bill. _c24cm(pbk) |
||
| 700 |
_aTiwari, Arun _959301 |
||
| 942 |
_2ddc _cEN _mKAL _h921 |
||
| 999 |
_c199363 _d199363 |
||